01279cam a22003375a 45000010009000000050017000090080041000260200022000670200018000890400038001070820020001451000040001652450069002052460079002742600058003533000034004114900061004455000025005065000024005315000027005555040033005826500061006156500037006766510010007136530025007236550024007487000026007729420008007989990017008069520118008231358420820151116152642.0040506s2004 enka frbd f001 0 eng d a0198515774 (PBK.) a9780198515777 aUKMcUKMdC#PdDLCdEG-ScBUEbeng04a004.35222bPET1 aPetersen, W. P.q(Wesley P.)93875910aIntroduction to parallel computing /cW. P. Petersen, P. Arbenz.34aIntroduction to parallel computing :ba practical guide with examples in C aOxford ;aNew York :bOxford University Press,c2004. axvi, 259 p. :bill. ;c24 cm.0 aOxford texts in applied and engineering mathematics ;v9 aSubtitle from cover. aIndex : p. 255-259. aGlossary : p. 240-244. aBibliography : p. [246]-253. 7aparallel processing (Electronic computers)2BUEsh911339 0aParallel computers2BUEsh911340 2BUEsh bENGGENcNovember2015 vReading book9342321 aArbenz, Peter,d1953- 2ddc c21058d21030 00102ddc40708BaccahaMAINbMAINcLOWd2015-11-16ePurchasel0o004.35 PETp000031322r2025-07-15 00:00:00yBB